Composer by Composition - Statistics

General Stats
  • This quiz has been taken 26 times
  • The average score is 14 of 27
Answer Stats
Composition Composer % Correct
Carmina Burana Carl Orff
96%
Finlandia Jean Sibelius
96%
La Mer Claude Debussy
83%
Nabucco Giuseppe Verdi
78%
4'33'' John Cage
74%
Pictures at an Exhibition Modest Mussorgsky
74%
Schéhérazade Nikolai Rimsky-Korsakov
74%
Danse Macabre Camille Saint-saëns
70%
Erlkönig Franz Schubert
61%
I Got Rhythm George Gershwin
61%
Pavane Gabriel Fauré
52%
Academic Festival Overture Johannes Brahms
52%
Jeux d'eau Maurice Ravel
52%
Elektra Richard Strauss
52%
Lakmé Léo Delibes
48%
Totentanz Franz Liszt
43%
Kindertotenlieder Gustav Mahler
39%
The Rake's Progress Igor Stravinsky
39%
Cavalleria Rusticana Pietro Mascagni
39%
Allegro Barbaro Bela Bartok
35%
Salut d'amour Edward Elgar
35%
Zigeunerweisen Pablo de Sarasate
35%
Symphonic Dances Sergei Rachmaninoff
35%
La fille du régiment Gaetano Donizetti
30%
Valse Sentimentale Pyotr Ilyich Tchaikovsky
22%
Faschingsschwank aus Wien Robert Schumann
13%
The Skylark Mikhail Glinka
4%
No matching quizzes found
Score Distribution
Percent of People with Each Score
Percentile by Number Answered
Your Score History
You have not taken this quiz